Normale Ansicht MARC-Ansicht ISBD

Die Luftraumbeobachtung bei Frankfurt (Oder) und Umgebung, eine Teilaufgabe der Luftnachrichtentruppen / (Titelsatznr. 371362)

[ MARC ]
MARC-Details
000 -Satzkennung
Kontrollfeld mit fester Länge 00728naa a2200193 4500
001 - Kontrollnummer
Kontrollfeld 19954
003 - Kontrollnummer Identifier
Kontrollfeld OSt
005 - Datum und Zeit der letzten Transaktion
Kontrollfeld 20220204084245.0
007 - Feld mit fester Länge zur physischen Beschreibung - Allgemeine Information
Kontrollfeld mit fester Länge tu
008 - Feld mit fester Länge zur physischen Beschreibung - Allgemeine Angaben
Kontrollfeld mit fester Länge 190527|||||||||||| ger
040 ## - Katalogisierungsquelle
Original-Katalogisierungsstelle DE-2910
Übertragungsstelle DE-2910
245 00 - Titel
Titel Die Luftraumbeobachtung bei Frankfurt (Oder) und Umgebung, eine Teilaufgabe der Luftnachrichtentruppen /
Verfasserangabe etc. Horst Voigt
260 ## - Publikation, Vertrieb usw.
Erscheinungsjahr, Vertriebsjahr etc. 2020
490 ## - Gesamttitelangabe
Gesamttitelangabe Mitteilungen Historischer Verein zu Frankfurt (Oder) e.V.
546 ## - Fußnote zur Sprache
Sprache deutsch
653 ## - Indexierungsterm - Nicht normiert
Nicht-normierter Term Luftwaffe
-- Luftraumbeobachtung 1939-1945
-- Lebus <Märkisch Oderland>
-- Frankfurt (Oder)
-- Nuhnenturm
773 0# - Übergeordnete Einheit
Ort, Verlag und Erscheinungsjahr Frankfurt (Oder)
Verknüpfungsangaben Heft 2/2020, S. 2-9
Titel Mitteilungen Historischer Verein zu Frankfurt (Oder) e. V
Datensatzkontrollnummer 11310
942 ## - Zusätzliche Felder (Koha)
Klassifikation oder Aufstellungssystematik Andere/Generische Klassifikation
Koha-Medientyp Aufsätze
Exemplare
Ausgeschieden Verloren Klassifikation oder Aufstellungssystematik Beschädigt Nicht entleihbar Heimatbibliothek Aufenthaltsbibliothek Aufstellungsort Erwerbungsdatum Anzahl Ausleihen Signatur Letzte Aktivität Preis gültig von Koha-Medientyp
    Andere/Generische Klassifikation     Stadtarchiv Frankfurt (Oder) | Archivbibliothek Stadtarchiv Frankfurt (Oder) | Archivbibliothek Lesesaal 04/02/2022   FR1 04/02/2022 04/02/2022 Aufsätze